| 000 | 00539nam a2200133Ia 4500 | ||
|---|---|---|---|
| 008 | 220620s9999||||xx |||||||||||||| ||und|| | ||
| 020 | _a9780260000000 | ||
| 100 | _aHenke, Christopher R.||Sims, Benjamin | ||
| 245 | 0 |
_aRepairing Infrastructures _bThe Maintenance of Materiality and Power |
|
| 546 | _aEnglish[eng] | ||
| 650 | _aCentral / national / federal government policies||Impact of science and technology on society||Environmental science, engineering and technology | ||
| 856 | _uhttp://mitpress.mit.edu/9780262539708 | ||
| 942 | _cEB | ||
| 999 |
_c28610 _d28610 |
||